lyrics Until I Know by panchiko - Statistics

General Stats
  • This quiz has been taken 4 times
  • The average score is 158 of 257
Answer Stats
AnswerHow % Correct
a
100%
And
100%
and
100%
don't
100%
I
100%
know
100%
Know
100%
You
100%
you
100%
are
75%
can't
75%
did
75%
it
75%
the
75%
Until
75%
until
75%
your
75%
All
50%
always
50%
But
50%
chance
50%
control
50%
disease
50%
disgrace
50%
Firing
50%
for
50%
heart,
50%
heart
50%
How
50%
if
50%
in
50%
In
50%
It's
50%
it's
50%
missed
50%
much
50%
need
50%
on
50%
part
50%
parts
50%
place
50%
really
50%
roll
50%
start
50%
stop,
50%
stop
50%
sun
50%
Take
50%
their
50%
there,
50%
this?
50%
this
50%
to
50%
tow,
50%
When
50%
when
50%
wouldn't
50%
you're
50%
back
25%
be
25%
belly
25%
breeds
25%
by
25%
Carrying
25%
come
25%
coming
25%
could
25%
ever
25%
exhale,
25%
fear
25%
go
25%
Got
25%
got
25%
now
25%
of
25%
recompense
25%
said
25%
shit
25%
synapses
25%
they
25%
waited
25%
win?
25%
won't
25%
would've
25%
You've
25%
amways
0%
cack
0%
diseases
0%
Fring
0%
heary,
0%
rerally
0%
symphysis
0%
No matching quizzes found
Score Distribution
Percent of People with Each Score
Percentile by Number Answered
Your Score History
You have not taken this quiz